[Event "Kiev Spring op"]
[Site "Kiev"]
[Date "2023.03.27"]
[Round "3"]
[White "Katsman, Mikhail"]
[Black "Karpinets, Andrian"]
[Result "1/2-1/2"]
[WhiteElo "2177"]
[BlackElo "1398"]
[PlyCount "73"]
[EventDate "2023.03.25"]
[EventType "swiss"]
[EventRounds "9"]
[EventCountry "UKR"]
[SourceTitle "EXT 2024"]
[Source "ChessBase"]
[SourceDate "2023.10.10"]
[SourceVersion "1"]
[SourceVersionDate "2023.10.10"]
[SourceQuality "1"]

1. e4 c5 2. Nf3 Nc6 3. Bb5 g6 4. 0-0 Nf6 5. Re1 Bg7 6. c3 0-0 7. d3 d6 8. h3 e5 9. d4 cxd4 10. cxd4 exd4 11. Nxd4 Nxd4 12. Qxd4 Qa5 13. Nc3 Nd7 14. Qa4 Qxa4 15. Bxa4 Nc5 16. Bc2 Be6 17. Bf4 Rfd8 18. Rad1 Be5 19. Bxe5 dxe5 20. f3 Rac8 21. Kf2 Bc4 22. Ke3 Ne6 23. Rxd8+ Rxd8 24. Rd1 Nd4 25. Bb3 Bxb3 26. axb3 Nc2+ 27. Kf2 Rxd1 28. Nxd1 Nd4 29. b4 b5 30. Nc3 f6 31. Nd5 Kf7 32. Ke3 f5 33. f4 Ke6 34. Nc7+ Kd6 35. Ne8+ Ke6 36. Nc7+ Kd6 37. Ne8+ 1/2-1/2

[Event "Kiev Shystariov Blitz"]
[Site "Kiev"]
[Date "2021.08.29"]
[Round "5"]
[White "Katsman, Mikhail"]
[Black "Grinev, Valeriy"]
[Result "1/2-1/2"]
[WhiteElo "2209"]
[BlackElo "2425"]
[PlyCount "71"]
[EventDate "2021.08.29"]
[EventType "swiss (blitz)"]
[EventRounds "11"]
[EventCountry "UKR"]
[SourceTitle "CBM 204 Extra"]
[Source "ChessBase"]
[SourceDate "2021.11.30"]
[SourceVersion "1"]
[SourceVersionDate "2021.11.30"]
[SourceQuality "1"]

1. e4 c5 2. Nf3 e6 3. c3 Nf6 4. Qc2 Nc6 5. a3 e5 6. Bc4 Be7 7. b4 d6 8. h3 0-0 9. 0-0 a6 10. d3 d5 11. Ba2 c4 12. exd5 cxd3 13. Qd1 Nxd5 14. Qxd3 Nf4 15. Qxd8 Rxd8 16. Bxf4 exf4 17. Nbd2 Bf5 18. Rfe1 Bf6 19. Rac1 Re8 20. Rxe8+ Rxe8 21. Bc4 g5 22. Nb3 h5 23. Bd5 Rc8 24. Nc5 Nd8 25. Nxb7 Nxb7 26. Bxb7 Rxc3 27. Rxc3 Bxc3 28. Bxa6 g4 29. hxg4 hxg4 30. Nh4 Bd7 31. g3 Bd4 32. gxf4 g3 33. Bf1 Bxf2+ 34. Kh1 Bd4 35. Kg2 Bb2 36. Kxg3 1/2-1/2

[Event "Kiev Shystariov Blitz"]
[Site "Kiev"]
[Date "2021.08.29"]
[Round "4"]
[White "Shishkin, Vadim"]
[Black "Katsman, Mikhail"]
[Result "1/2-1/2"]
[WhiteElo "2425"]
[BlackElo "2209"]
[PlyCount "65"]
[EventDate "2021.08.29"]
[EventType "swiss (blitz)"]
[EventRounds "11"]
[EventCountry "UKR"]
[SourceTitle "CBM 204 Extra"]
[Source "ChessBase"]
[SourceDate "2021.11.30"]
[SourceVersion "1"]
[SourceVersionDate "2021.11.30"]
[SourceQuality "1"]

1. d4 d5 2. c4 e6 3. Nc3 Nf6 4. cxd5 exd5 5. Bg5 c6 6. e3 Be7 7. Bd3 Bg4 8. Qb3 Qb6 9. Qc2 Bh5 10. Nf3 Bg6 11. Ne5 Nbd7 12. Nxg6 hxg6 13. h3 Qd8 14. 0-0 Nh5 15. Bxe7 Qxe7 16. e4 dxe4 17. Bxe4 0-0 18. Rfe1 Qd6 19. d5 c5 20. Nb5 Qb6 21. a4 a6 22. Na3 Nhf6 23. Nc4 Qb4 24. d6 Rae8 25. Re3 b5 26. axb5 axb5 27. Nd2 c4 28. Bc6 Rxe3 29. fxe3 Qxd6 30. Bxb5 Qc5 31. Bxd7 Qxe3+ 32. Kh1 Nxd7 33. Nxc4 1/2-1/2

[Event "Kiev Shystarev Memorial 1st"]
[Site "Kiev"]
[Date "2020.08.25"]
[Round "1"]
[White "Katsman, Mikhail"]
[Black "Tonkoshkura, Misha"]
[Result "0-1"]
[WhiteElo "2225"]
[BlackElo "1621"]
[PlyCount "132"]
[EventDate "2020.08.25"]
[EventType "swiss"]
[EventRounds "9"]
[EventCountry "UKR"]
[SourceTitle "EXT 2022"]
[Source "ChessBase"]
[SourceDate "2021.10.06"]
[SourceVersion "1"]
[SourceVersionDate "2021.10.06"]
[SourceQuality "1"]

1. e4 e5 2. Nf3 Nc6 3. Bb5 Nf6 4. d3 Bc5 5. 0-0 d6 6. Be3 Bb6 7. h3 0-0 8. Nc3 Ne7 9. Bg5 c6 10. Bxf6 gxf6 11. Bc4 f5 12. Qd2 f4 13. Rad1 Ng6 14. Qe2 Nh4 15. Nxh4 Qxh4 16. Qf3 Kh8 17. Rfe1 Rg8 18. Kf1 Rg7 19. d4 Qe7 20. Na4 Ba5 21. Nc3 b5 22. Bb3 Ba6 23. Kg1 Rag8 24. Kh1 Qh4 25. dxe5 dxe5 26. Rd7 Bc8 27. Red1 Bb6 28. Bxf7 Bxd7 29. Rxd7 Rf8 30. Be6 Rxd7 31. Bxd7 Qxf2 32. Qxf2 Bxf2 33. Bxc6 b4 34. Ne2 Bd4 35. Bd5 Bxb2 36. Ng1 Rc8 37. Bb3 Rc3 38. Nf3 Re3 39. Ng5 h6 40. Nf7+ Kg7 41. Nd6 Re1+ 42. Kh2 Bd4 43. g4 Re2+ 44. Kh1 f3 45. Nf5+ Kg6 46. Nh4+ Kf6 47. Nxf3 Rxe4 48. Bc4 Bc3 49. Bb3 Rf4 50. Kg2 e4 51. Ng1 Bd4 52. Kg3 Ke5 53. Ne2 Rf3+ 54. Kh4 Bf2+ 55. Kh5 Rxh3+ 56. Kg6 Be3 57. Ba4 Rh2 58. Bb5 Rg2 59. Kh5 Rh2+ 60. Kg6 a5 61. Ba6 a4 62. Bb5 a3 63. Ba6 Bg5 64. Bb5 e3 65. Ba6 Rxe2 66. Bxe2 Kf4 0-1

[Event "Kiev Independence Cup-A 7th"]
[Site "Kiev"]
[Date "2007.08.23"]
[Round "11"]
[White "Katsman, Mikhail"]
[Black "Shmat, Sergey"]
[Result "1/2-1/2"]
[WhiteElo "2278"]
[BlackElo "2076"]
[PlyCount "105"]
[EventDate "2007.08.13"]
[EventType "swiss"]
[EventRounds "11"]
[EventCountry "UKR"]
[SourceTitle "CBM 119 Extra"]
[Source "ChessBase"]
[SourceDate "2007.09.04"]
[SourceVersion "1"]
[SourceVersionDate "2007.09.04"]
[SourceQuality "1"]

1. e4 e6 2. d4 d5 3. exd5 exd5 4. Nf3 Bd6 5. Bg5 f6 6. Bf4 Ne7 7. Bg3 Nbc6 8. c3 Bf5 9. Bd3 Qd7 10. Qc2 Qe6+ 11. Qe2 Qxe2+ 12. Kxe2 0-0-0 13. Nbd2 Rhe8 14. Bxf5+ Nxf5+ 15. Kd3 Kd7 16. Rae1 Rxe1 17. Rxe1 Bxg3 18. hxg3 Re8 19. Rh1 h6 20. Nh4 Nd6 21. Ng6 Ne4 22. Nxe4 dxe4+ 23. Ke3 Ne7 24. Nxe7 Rxe7 25. Rh4 f5 26. g4 fxg4 27. Rxg4 g5 28. Rxe4 Rf7 29. g4 Rf6 30. f4 Rb6 31. b4 Ra6 32. fxg5 hxg5 33. Re5 Rxa2 34. Rxg5 Rg2 35. c4 Rg3+ 36. Ke4 Rg1 37. Rg7+ Kd6 38. Rg6+ Ke7 39. b5 Kf7 40. Rg5 Kf6 41. Rg8 a6 42. bxa6 bxa6 43. Kd5 a5 44. c5 a4 45. Kc6 a3 46. Ra8 Rxg4 47. d5 Ke5 48. Re8+ Kd4 49. d6 cxd6 50. cxd6 Kc3 51. d7 Rd4 52. Ra8 Kb2 53. Kc7 1/2-1/2

[Event "Kiev Independence Cup-A 7th"]
[Site "Kiev"]
[Date "2007.08.21"]
[Round "9"]
[White "Katsman, Mikhail"]
[Black "Dolzhikova, Kateryna"]
[Result "1/2-1/2"]
[WhiteElo "2278"]
[BlackElo "2278"]
[PlyCount "35"]
[EventDate "2007.08.13"]
[EventType "swiss"]
[EventRounds "11"]
[EventCountry "UKR"]
[SourceTitle "CBM 119 Extra"]
[Source "ChessBase"]
[SourceDate "2007.09.04"]
[SourceVersion "1"]
[SourceVersionDate "2007.09.04"]
[SourceQuality "1"]

1. e4 e6 2. Nf3 d5 3. exd5 exd5 4. d4 Nc6 5. c3 Bd6 6. Bd3 Bg4 7. Nbd2 Nge7 8. Nf1 Qd7 9. h3 Bh5 10. Ng3 Bg6 11. Bxg6 hxg6 12. Ne2 Qf5 13. Be3 0-0-0 14. Qb1 f6 15. Qxf5+ Nxf5 16. Kd2 g5 17. g4 Nxe3 18. fxe3 1/2-1/2

[Event "Kiev Independence Cup-A 7th"]
[Site "Kiev"]
[Date "2007.08.16"]
[Round "4"]
[White "Zontakh, Andrey"]
[Black "Katsman, Mikhail"]
[Result "1-0"]
[WhiteElo "2545"]
[BlackElo "2278"]
[PlyCount "32"]
[EventDate "2007.08.13"]
[EventType "swiss"]
[EventRounds "11"]
[EventCountry "UKR"]
[SourceTitle "CBM 119 Extra"]
[Source "ChessBase"]
[SourceDate "2007.09.04"]
[SourceVersion "1"]
[SourceVersionDate "2007.09.04"]
[SourceQuality "1"]

1. d4 d5 2. c4 e6 3. Nf3 Nf6 4. g3 dxc4 5. Bg2 c6 6. 0-0 Nbd7 7. a4 a5 8. Nc3 Nd5 9. e4 Nb4 10. Qe2 b6 11. Rd1 Bb7 12. d5 e5 13. dxc6 Nxc6 14. Bh3 Bc8 15. Qxc4 Bc5 16. Qd5 Ndb8 1-0

[Event "Kiev Independence Cup-A 7th"]
[Site "Kiev"]
[Date "2007.08.15"]
[Round "3"]
[White "Katsman, Mikhail"]
[Black "Nyzhnyk, Illya"]
[Result "1/2-1/2"]
[WhiteElo "2278"]
[BlackElo "2341"]
[PlyCount "48"]
[EventDate "2007.08.13"]
[EventType "swiss"]
[EventRounds "11"]
[EventCountry "UKR"]
[SourceTitle "CBM 119 Extra"]
[Source "ChessBase"]
[SourceDate "2007.09.04"]
[SourceVersion "1"]
[SourceVersionDate "2007.09.04"]
[SourceQuality "1"]

1. e4 c5 2. Nf3 Nc6 3. Bb5 d6 4. 0-0 Bd7 5. Re1 a6 6. Bf1 Bg4 7. d3 Bxf3 8. Qxf3 g6 9. c3 Bg7 10. Qe2 Nf6 11. Be3 Nd7 12. Nd2 0-0 13. g3 e6 14. Nf3 Qb6 15. Red1 Nde5 16. Nxe5 Bxe5 17. Qd2 Bh8 18. d4 cxd4 19. cxd4 Qa5 20. Qxa5 Nxa5 21. Rac1 Rac8 22. b3 Nc6 23. a4 Na5 24. Rb1 Rb8 1/2-1/2

[Event "Kiev Independence Cup-A 4th"]
[Site "Kiev"]
[Date "2004.08.14"]
[Round "4"]
[White "Katsman, Mikhail"]
[Black "Khakimov, Timur"]
[Result "0-1"]
[WhiteElo "2281"]
[BlackElo "2227"]
[PlyCount "154"]
[EventDate "2004.08.11"]
[EventType "swiss"]
[EventRounds "11"]
[EventCountry "UKR"]
[SourceTitle "EXT 2005"]
[Source "ChessBase"]
[SourceDate "2004.11.15"]
[SourceVersion "1"]
[SourceVersionDate "2004.11.15"]
[SourceQuality "1"]

1. e4 c5 2. Nf3 Nc6 3. c3 d5 4. exd5 Qxd5 5. d4 Bg4 6. Be2 e6 7. 0-0 Nf6 8. Be3 cxd4 9. cxd4 Be7 10. Nc3 Qd6 11. Qb3 0-0 12. Rfd1 Qb4 13. h3 Bh5 14. d5 Qxb3 15. axb3 exd5 16. Nxd5 Nxd5 17. Rxd5 Bg6 18. Rd7 Bf6 19. Rxb7 Bxb2 20. Ra6 Rfc8 21. Bxa7 Be4 22. Be3 Nd4 23. Bxd4 Bxb7 24. Rxa8 Bxa8 25. Bxb2 Rc2 26. Bc4 Bxf3 27. Bd4 Bc6 28. g4 Rd2 29. Be3 Rd1+ 30. Kh2 Bd5 31. Bxd5 Rxd5 32. b4 f6 33. h4 Kf7 34. Kg3 Ke6 35. Kf4 h5 36. gxh5 Rxh5 37. Kg4 g6 38. Kg3 Rd5 39. Kg4 Rf5 40. Kg3 Kd7 41. Kg4 Kc6 42. Kg3 Kb5 43. Bc5 Kc4 44. Kg4 Kd3 45. Kg3 Ke4 46. Be7 Rf3+ 47. Kg2 f5 48. Bc5 Kf4 49. Be3+ Kg4 50. Kf1 f4 51. Bc5 Kxh4 52. Ke2 Rb3 53. Kd2 Kg4 54. Kc2 Ra3 55. Kb2 Rd3 56. Kc2 Rd5 57. Kc3 Kf5 58. Kc4 Ke6 59. Bd4 g5 60. b5 Kd6 61. b6 Rf5 62. Kd3 f3 63. Ke4 Rf4+ 64. Ke3 Kc6 65. Be5 Rf5 66. Bc7 g4 67. Kd4 Rg5 68. Ke3 Rb5 69. Kf4 Rb4+ 70. Kg3 Kd5 71. Kh4 Ke6 72. Kg3 Kf5 73. Kh2 Rb1 74. Bd8 Ke4 75. Bc7 Kd3 76. Kg3 Ke2 77. Bd8 Rg1+ 0-1

[Event "Kiev-ch"]
[Site "Kiev"]
[Date "2004.01.30"]
[Round "11"]
[White "Perun, Sergey"]
[Black "Katsman, Mikhail"]
[Result "1/2-1/2"]
[WhiteElo "2350"]
[BlackElo "2278"]
[PlyCount "73"]
[EventDate "2004.01.16"]
[EventType "swiss"]
[EventRounds "11"]
[EventCountry "UKR"]
[SourceTitle "CBM 098 Extra"]
[Source "ChessBase"]
[SourceDate "2004.03.10"]
[SourceVersion "2"]
[SourceVersionDate "2004.03.10"]
[SourceQuality "1"]

1. d4 d5 2. c4 c6 3. Nc3 Nf6 4. Nf3 Bf5 5. Qb3 Qb6 6. c5 Qc7 7. Bf4 Qc8 8. Nh4 Bg6 9. Nxg6 hxg6 10. e4 e6 11. exd5 exd5 12. 0-0-0 Be7 13. Re1 Kf8 14. Be2 Bd8 15. Be5 Bc7 16. f4 b6 17. cxb6 axb6 18. h3 Nbd7 19. Rhf1 Kg8 20. Kb1 Nf8 21. Rc1 Qd7 22. Qd1 Rd8 23. Ka1 Bxe5 24. fxe5 Ne4 25. Bg4 Ne6 26. Ne2 g5 27. Qd3 c5 28. Qa6 Rb8 29. Rf3 Qb7 30. Qxb7 Rxb7 31. Bxe6 fxe6 32. Ra3 Kf7 33. Rf1+ Kg6 34. Ra6 c4 35. Ra3 Rh4 36. Ra8 Rf7 37. Rxf7 1/2-1/2